[Event "40th World Junior Girls"]
[Site "Gandhinagar IND"]
[Date "2024.06.02"]
[Round "1.1"]
[White "Anupam, M Sreekumar"]
[Black "Divya, Deshmukh"]
[Result "0-1"]
[WhiteTitle "WCM"]
[BlackTitle "IM"]
[WhiteElo "1872"]
[BlackElo "2456"]
[WhiteFideId "45033501"]
[BlackFideId "35006916"]
[EventDate "2024.06.02"]

1. e4 c5 2. c3 Nf6 3. e5 Nd5 4. d4 cxd4 5. cxd4 d6 6. Bc4 Nb6 7. Bb5+ Bd7 8.
Bxd7+ Qxd7 9. Nf3 e6 10. Nc3 Nc6 11. O-O Be7 12. Re1 dxe5 13. dxe5 Qxd1 14. Rxd1
O-O 15. b3 Rfc8 16. Bb2 Nb4 17. Nd4 a5 18. a3 N4d5 19. Nf5 Bf8 20. Nxd5 Nxd5 21.
Nd4 a4 22. bxa4 Nb6 23. Nb5 Nc4 24. Rab1 Rxa4 25. h3 h5 26. Bd4 Nxa3 27. Nxa3
Bxa3 28. Be3 Rc7 29. Bb6 Rc2 30. Rd7 Bb2 31. Rxb7 Bxe5 32. Be3 h4 33. R7b5 Bc7
34. R5b4 Rca2 35. Kf1 Bd6 36. Rb6 Bf4 37. Bxf4 Rxf4 38. R6b2 Raa4 39. Rb3 Kh7
40. Ke2 g5 41. R1b2 Kg6 42. Rf3 Rfc4 43. Rfb3 Rc1 44. Rb4 Raa1 45. Rb6 Re1+ 46.
Kf3 Rac1 47. R2b3 Rc2 48. Re3 Ra1 49. g4 Raa2 50. Ke4 Rxf2 51. Ke5 Rad2 0-1

[Event "40th World Junior Girls"]
[Site "Gandhinagar IND"]
[Date "2024.06.02"]
[Round "1.2"]
[White "Mkrtchyan, Mariam"]
[Black "Padmini S"]
[Result "1-0"]
[WhiteTitle "WIM"]
[WhiteElo "2300"]
[BlackElo "1872"]
[WhiteFideId "13310828"]
[BlackFideId "25782738"]
[EventDate "2024.06.02"]

1. d4 Nf6 2. Nf3 d5 3. c4 e6 4. Nc3 Be7 5. Bf4 O-O 6. e3 c6 7. h3 Nbd7 8. Rc1
Re8 9. a3 Nf8 10. c5 N6d7 11. b4 Ng6 12. Bd3 Nxf4 13. exf4 Qc7 14. g3 Bf8 15.
O-O g6 16. Re1 Bg7 17. h4 Nf8 18. h5 Bd7 19. hxg6 hxg6 20. Ne5 Re7 21. Kg2 Be8
22. Qg4 f5 23. Qe2 Bxe5 24. Qxe5 Qxe5 25. Rxe5 Rg7 26. b5 b6 27. bxc6 bxc5 28.
dxc5 Bxc6 29. Nb5 Rb7 30. Nd4 Bd7 31. c6 Rc7 32. Rc2 Be8 33. Ba6 Kf7 34. Bb7 Rb8
35. Re3 Rbxb7 36. cxb7 Rxb7 37. Rb3 Rxb3 38. Rc7+ Nd7 39. Nxb3 a6 40. Ra7 Ke7
41. Rxa6 Nb8 42. Ra8 Nc6 43. a4 Bd7 44. Nc5 Kd6 45. Nxd7 Kxd7 46. Kf1 Kc7 47.
Rg8 Kb6 48. Rxg6 Nd4 49. Rg8 Ka5 50. Ra8+ Kb4 51. Ra6 Kc5 52. Kg2 Nc6 53. f3 1-0

[Event "40th World Junior Girls"]
[Site "Gandhinagar IND"]
[Date "2024.06.02"]
[Round "1.3"]
[White "Jesumarian, Rebecca"]
[Black "Krasteva, Beloslava"]
[Result "0-1"]
[BlackTitle "FM"]
[WhiteElo "1866"]
[BlackElo "2289"]
[WhiteFideId "35094831"]
[BlackFideId "2922029"]
[EventDate "2024.06.02"]

1. e4 c5 2. Nf3 e6 3. d4 cxd4 4. Nxd4 Nc6 5. Nb5 d6 6. c4 Nf6 7. N1c3 a6 8. Na3
Be7 9. Be3 O-O 10. Nc2 b6 11. Be2 Bb7 12. O-O Rc8 13. f3 Ne5 14. Na4 Nxc4 15.
Bxc4 Rxc4 16. Bxb6 Qb8 17. b3 Rcc8 18. Bd4 e5 19. Bf2 d5 20. Nb6 Rcd8 21. exd5
Nxd5 22. Nxd5 Bxd5 23. Qe2 Qb7 24. Ne3 Be6 25. Nc4 f6 26. Rac1 Qb5 27. Qe3 Rfe8
28. Qb6 Bf7 29. Be3 Rd3 30. Kh1 Rb8 31. Qc7 Rd7 32. a4 Rxc7 33. axb5 axb5 34.
Nd2 Rd7 35. Rfd1 Rd3 36. Nf1 Rxd1 37. Rxd1 Bxb3 38. Rd7 Kf8 39. Nd2 Be6 40. Ra7
b4 41. Ra6 Bf5 42. g4 Bd3 43. Ra1 b3 0-1

[Event "40th World Junior Girls"]
[Site "Gandhinagar IND"]
[Date "2024.06.02"]
[Round "1.4"]
[White "Kurmangaliyeva, Liya"]
[Black "Shanmathi Sree S"]
[Result "1-0"]
[WhiteTitle "FM"]
[WhiteElo "2282"]
[BlackElo "1854"]
[WhiteFideId "13725831"]
[BlackFideId "25966413"]
[EventDate "2024.06.02"]

1. e4 c5 2. Nf3 d6 3. d4 cxd4 4. Nxd4 Nf6 5. Nc3 a6 6. Be2 e5 7. Nb3 Be6 8. Qd3
Nbd7 9. Bd2 b5 10. a4 Bxb3 11. cxb3 Nc5 12. Qc2 b4 13. Nd5 Nxd5 14. exd5 Qb6 15.
Qc4 Be7 16. a5 Qb7 17. Bxb4 O-O 18. Bxc5 dxc5 19. O-O Bd6 20. Qc2 f5 21. Bc4 Kh8
22. f3 Rf6 23. Kh1 Raf8 24. Qe2 Bb8 25. g3 Rh6 26. Rad1 f4 27. g4 Qe7 28. Bd3
Bc7 29. Ra1 Qd8 30. Be4 Bxa5 31. Ra4 Bb6 32. Rxa6 Qh4 33. Qg2 Qg5 34. Rfa1 Rd6
35. Ra8 Bd8 36. Qc2 Rh6 37. Qxc5 Rg8 38. Qc2 Rh4 39. R1a6 Rh3 40. Qg2 Qh4 41.
Ra1 Rg3 42. Qe2 Rh3 43. Bf5 Qe7 44. Be6 Rf8 45. Rc8 h5 46. g5 Rh4 47. Qxe5 Qb4
48. Qc3 Qb7 49. Qc5 Re8 50. Qc6 Qe7 51. Ra7 Qxg5 52. Qxe8+ Kh7 53. Qg8+ Kh6 54.
Qh8+ 1-0

[Event "40th World Junior Girls"]
[Site "Gandhinagar IND"]
[Date "2024.06.02"]
[Round "1.5"]
[White "Gade Sharanya"]
[Black "Wikar, Martyna"]
[Result "0-1"]
[BlackTitle "WIM"]
[WhiteElo "1849"]
[BlackElo "2272"]
[WhiteFideId "25925253"]
[BlackFideId "21807663"]
[EventDate "2024.06.02"]

1. d4 Nf6 2. c4 e6 3. Nc3 Bb4 4. Qc2 O-O 5. e4 d6 6. e5 dxe5 7. dxe5 Ng4 8. Nf3
Nc6 9. Bf4 Nd4 10. Qd2 f6 11. O-O-O c5 12. exf6 Qxf6 13. Bg5 Qf7 14. h3 Nxf3 15.
gxf3 Ne5 16. Be2 b5 17. Rhg1 Kh8 18. a3 Ba5 19. b4 cxb4 20. Nxb5 Ba6 21. Nd6 Qc7
22. Qd4 Ng6 23. a4 Bb6 24. Qb2 e5 25. f4 Bxf2 26. Rg4 Bc8 0-1

[Event "40th World Junior Girls"]
[Site "Gandhinagar IND"]
[Date "2024.06.02"]
[Round "1.6"]
[White "Rakshitta, Ravi"]
[Black "Shivamshika G"]
[Result "1-0"]
[WhiteTitle "WGM"]
[WhiteElo "2271"]
[BlackElo "1846"]
[WhiteFideId "25073230"]
[BlackFideId "33384959"]
[EventDate "2024.06.02"]

1. Nf3 d5 2. g3 Nf6 3. Bg2 g6 4. b3 Bg7 5. Bb2 O-O 6. c4 c6 7. O-O Nbd7 8. Qc2
Re8 9. d4 b6 10. Nbd2 Bb7 11. e4 dxe4 12. Nxe4 Nxe4 13. Qxe4 Qc7 14. Ne5 Rab8
15. Nxc6 Nf6 16. Qe5 Rbc8 17. Qxc7 Rxc7 18. d5 Bxc6 19. Be5 Rcc8 20. dxc6 Ng4
21. Bxg7 Kxg7 22. Rfe1 f5 23. Rad1 Nf6 24. Rd7 Kf8 25. Rxa7 e5 26. Bd5 Nxd5 27.
cxd5 e4 28. Rxh7 Kg8 29. Rb7 Red8 30. c7 Rd7 31. d6 Kf7 32. Rb8 1-0

[Event "40th World Junior Girls"]
[Site "Gandhinagar IND"]
[Date "2024.06.02"]
[Round "1.7"]
[White "Sindhusree K"]
[Black "Balabayeva, Xeniya"]
[Result "0-1"]
[BlackTitle "WIM"]
[WhiteElo "1846"]
[BlackElo "2246"]
[WhiteFideId "46616411"]
[BlackFideId "13719688"]
[EventDate "2024.06.02"]

1. d4 d5 2. c4 e6 3. Nf3 Nf6 4. Nc3 c6 5. e3 Bd6 6. Bd3 dxc4 7. Bxc4 b5 8. Bd3
Nbd7 9. e4 e5 10. O-O O-O 11. h3 Re8 12. dxe5 Nxe5 13. Nxe5 Bxe5 14. Qc2 Bb7 15.
Ne2 Bc7 16. Rd1 Qe7 17. Nd4 Bb6 18. Nf5 Qe5 19. Bg5 c5 20. Bxf6 Qxf6 21. Bxb5
Bxe4 22. Qa4 Qxf5 23. Bxe8 c4 24. Rf1 Qg6 25. g4 Qd6 26. Qa3 Qxa3 27. bxa3 Rxe8
28. Rfe1 Kf8 29. Rac1 Bd3 30. Rxe8+ Kxe8 31. Kg2 Bd4 32. Kf3 c3 33. Re1+ Kf8 0-1

[Event "40th World Junior Girls"]
[Site "Gandhinagar IND"]
[Date "2024.06.02"]
[Round "1.8"]
[White "Hryzlova, Sofiia"]
[Black "Bhat Sannidhi Ramakrishna"]
[Result "1-0"]
[WhiteTitle "WIM"]
[WhiteElo "2246"]
[BlackElo "1842"]
[WhiteFideId "14174669"]
[BlackFideId "25792695"]
[EventDate "2024.06.02"]

1. d4 Nc6 2. d5 Nb8 3. e4 d6 4. c4 g6 5. Nc3 Bg7 6. h3 Nf6 7. Nf3 O-O 8. Bd3 e6
9. O-O exd5 10. cxd5 c6 11. Bf4 cxd5 12. exd5 Re8 13. Rc1 a6 14. Qb3 Nh5 15. Bh2
Bh6 16. Ne4 Bf8 17. Bxd6 Rxe4 18. Bxf8 Re8 19. Bh6 b5 20. Ng5 Ra7 21. Rfe1 Nf4
22. Rxe8+ Qxe8 23. Qc3 f6 24. Qxc8 Re7 25. Ne4 Nxd5 26. Qxe8+ Rxe8 27. Rc5 f5
28. Rxd5 fxe4 29. Bc2 Nc6 30. Bb3 Kh8 31. Rd7 Ne7 32. Bf7 1-0

[Event "40th World Junior Girls"]
[Site "Gandhinagar IND"]
[Date "2024.06.02"]
[Round "1.9"]
[White "Koksa, Jelena"]
[Black "Zhurova, Anna"]
[Result "1/2-1/2"]
[BlackTitle "WFM"]
[WhiteElo "1842"]
[BlackElo "2239"]
[WhiteFideId "14544776"]
[BlackFideId "54113075"]
[EventDate "2024.06.02"]

1. e4 c5 2. Nf3 e6 3. d4 cxd4 4. Nxd4 Nc6 5. Nc3 Qc7 6. Be2 Nf6 7. O-O Be7 8. a3
O-O 9. Be3 d6 10. f3 a6 11. Nxc6 bxc6 12. Na4 c5 13. c4 d5 14. cxd5 exd5 15. Rc1
dxe4 16. fxe4 Bd6 17. e5 Bxe5 18. Rxc5 Bxh2+ 19. Kh1 Qe7 20. Bg5 Bd6 21. Bxf6
gxf6 22. Rh5 Rb8 23. Bd3 f5 24. Qd2 Re8 25. Nc3 Qe3 26. Qxe3 Rxe3 27. Bxf5 Bxf5
28. Rhxf5 Rxb2 29. Nd1 Rbb3 30. Nxe3 Rxe3 31. Rxf7 Rxa3 32. Rd7 Bb4 33. Rc1 Rc3
34. Rxc3 Bxc3 35. g4 a5 36. Kg2 Bb4 37. Ra7 Kh8 38. Kf3 Kg8 39. Kf4 Bd2+ 40. Kf5
Bb4 41. Kg5 Bd2+ 42. Kh5 Bb4 43. g5 a4 44. Rxa4 Bc5 45. Ra5 Bb4 46. Ra8+ Kg7 47.
Ra7+ Kg8 48. Kh6 Bf8+ 49. Kh5 Bb4 50. Ra8+ Kg7 51. Ra7+ Kg8 1/2-1/2

[Event "40th World Junior Girls"]
[Site "Gandhinagar IND"]
[Date "2024.06.02"]
[Round "1.10"]
[White "Kanyamarala, Trisha"]
[Black "Akshaya Sathi"]
[Result "0-1"]
[WhiteTitle "WIM"]
[WhiteElo "2219"]
[BlackElo "1833"]
[WhiteFideId "45004722"]
[BlackFideId "25130340"]
[EventDate "2024.06.02"]

1. d4 Nf6 2. c4 g6 3. Nc3 Bg7 4. e4 d6 5. Be2 O-O 6. Be3 e5 7. Nf3 Ng4 8. Bg5 f6
9. Bc1 Nc6 10. O-O f5 11. dxe5 Ncxe5 12. exf5 Bxf5 13. Nd4 Qh4 14. h3 Nxf2 15.
Rxf2 Nd3 16. Rxf5 Bxd4+ 17. Kh1 Nf2+ 18. Rxf2 Rxf2 19. Qd3 Re8 20. Bd2 Bxc3 21.
Qd5+ Kf8 22. Bxc3 Rexe2 23. Qxb7 Qd8 24. Rg1 Qd7 25. Qa8+ Ke7 26. Rd1 Rxg2 27.
Qxg2 Rxg2 28. Kxg2 Qc6+ 29. Kg3 Qxc4 30. a3 c5 31. Rc1 Qd3+ 32. Kg2 Qe4+ 0-1

[Event "40th World Junior Girls"]
[Site "Gandhinagar IND"]
[Date "2024.06.02"]
[Round "1.11"]
[White "Saparya Ghosh"]
[Black "Kirtadze, Anastasia"]
[Result "1-0"]
[BlackTitle "WFM"]
[WhiteElo "1833"]
[BlackElo "2142"]
[WhiteFideId "25771280"]
[BlackFideId "13622714"]
[EventDate "2024.06.02"]

1. d4 Nf6 2. c4 e6 3. Nc3 Bb4 4. e3 O-O 5. Bd3 d5 6. a3 Be7 7. cxd5 exd5 8. b4
b6 9. b5 a6 10. Nge2 axb5 11. Nxb5 c5 12. dxc5 bxc5 13. O-O Ba6 14. Nbc3 Nc6 15.
Bxa6 Rxa6 16. Qd3 c4 17. Qb1 Qa8 18. a4 Rb8 19. Qf5 Ra5 20. Qf4 Ne4 21. Nxd5
Rxd5 22. Qxe4 Ra5 23. Qxc4 Rb4 24. Qc2 Bf6 25. Rb1 Raxa4 26. Rxb4 Nxb4 27. Qb3
Nc6 28. Nf4 Be5 29. Nd5 Ra1 30. f4 Bd6 31. Bb2 Rxf1+ 32. Kxf1 Ne7 33. Qc3 f6 34.
Nxe7+ Bxe7 35. Kf2 Qe4 36. Qc8+ Kf7 37. Bd4 Qd3 38. Qb7 Qc2+ 39. Kf3 Qd1+ 40.
Kg3 Qe1+ 41. Kh3 f5 42. Qd5+ Kg6 43. Qe6+ Bf6 44. Bxf6 gxf6 45. Qg8+ Kh6 46. Qg3
Qd1 47. Qf3 Qe1 48. g4 fxg4+ 49. Kxg4 Qa5 50. e4 Qc5 51. Kh4 Qc2 52. h3 Qd2 53.
Kg4 Kg6 54. Qg3 Qe2+ 55. Qf3 Qc2 56. Kg3 Qd2 57. Qg4+ Kh6 58. Qf3 Qe1+ 59. Kg2
Qa1 60. Qd3 Qa2+ 61. Kg3 Qa1 62. Qe3 Kg6 63. e5 fxe5 64. fxe5 Kf5 65. Qf4+ Ke6
66. Qf6+ Kd5 67. Qf7+ Kd4 68. e6 Qg1+ 69. Kh4 Qe1+ 70. Kh5 Qg3 71. e7 Qxh3+ 72.
Kg5 Qg3+ 73. Kh6 Qh4+ 74. Kg7 Qg5+ 75. Kf8 Qc5 76. Qf2+ Kd5 1-0

[Event "40th World Junior Girls"]
[Site "Gandhinagar IND"]
[Date "2024.06.02"]
[Round "1.12"]
[White "Norman, Kseniya"]
[Black "Chinnam, Vyshnavi"]
[Result "1-0"]
[BlackTitle "WCM"]
[WhiteElo "2134"]
[BlackElo "1830"]
[WhiteFideId "13518780"]
[BlackFideId "35061690"]
[EventDate "2024.06.02"]

1. e4 e6 2. d3 d5 3. Nd2 Nf6 4. Ngf3 Be7 5. g3 O-O 6. Bg2 a5 7. O-O a4 8. a3 Nc6
9. Re1 Nd7 10. Nf1 Nc5 11. exd5 exd5 12. d4 Ne4 13. c4 Be6 14. Ne3 f5 15. cxd5
Bxd5 16. Nxd5 Qxd5 17. Nd2 Qxd4 18. Nxe4 Qxd1 19. Rxd1 fxe4 20. Bxe4 Bf6 21. Bf4
Rae8 22. Bd5+ Kh8 23. Rd2 Nd4 24. Bxc7 Rc8 25. Bb6 Nb3 26. Bxb3 axb3 27. Rb1 Rc2
28. Rd3 Bxb2 29. Rxb3 Bc3 30. Bc5 Rf5 31. Rxb7 h6 32. Be3 Ra2 33. Ra7 Kh7 34.
Rbb7 Bf6 35. a4 h5 36. Rb5 Kg6 37. Kg2 h4 38. Rxf5 Kxf5 39. gxh4 Kg4 40. a5 Kxh4
41. a6 Ra4 42. Ra8 Rg4+ 43. Kf3 Kh3 44. Rh8+ Bh4 45. a7 g5 46. a8=Q Rf4+ 47. Ke2
g4 48. Rxh4+ Kxh4 49. Bxf4 Kh3 50. Kf1 1-0

[Event "40th World Junior Girls"]
[Site "Gandhinagar IND"]
[Date "2024.06.02"]
[Round "1.13"]
[White "Sasvatha A"]
[Black "Allahverdiyeva, Ayan"]
[Result "0-1"]
[WhiteTitle "WCM"]
[BlackTitle "WIM"]
[WhiteElo "1825"]
[BlackElo "2133"]
[WhiteFideId "45010862"]
[BlackFideId "13412590"]
[EventDate "2024.06.02"]

1. e4 c5 2. Nf3 d6 3. d4 cxd4 4. Nxd4 Nf6 5. Nc3 a6 6. Be2 e5 7. Nb3 Be7 8. Be3
Be6 9. Qd3 O-O 10. Nd5 Nxd5 11. exd5 Bc8 12. O-O a5 13. a4 Nd7 14. c4 b6 15. f4
Bf6 16. Qc2 Re8 17. Bd3 h6 18. f5 e4 19. Be2 Nc5 20. Nd4 Bd7 21. b3 Be5 22. Rad1
Qh4 23. g3 Bxg3 24. Bh5 Be5 25. Qe2 Nd3 26. Kh1 Nf4 27. Bxf4 Bxf4 28. Rg1 Bg5
29. Qg4 Qxg4 30. Rxg4 e3 31. h4 Bf6 32. Rg2 Re4 33. Nf3 Bxf5 34. Kg1 e2 35. Re1
Rae8 36. Nd2 Bd4+ 37. Kh2 Rxh4+ 0-1

[Event "40th World Junior Girls"]
[Site "Gandhinagar IND"]
[Date "2024.06.02"]
[Round "1.14"]
[White "Sachi Jain"]
[Black "Divyabharathi, Masanam"]
[Result "1/2-1/2"]
[WhiteTitle "WFM"]
[WhiteElo "2124"]
[BlackElo "1821"]
[WhiteFideId "25974050"]
[BlackFideId "45018421"]
[EventDate "2024.06.02"]

1. e4 c5 2. Nf3 Nc6 3. d4 cxd4 4. Nxd4 g6 5. f4 Bg7 6. Nf3 d6 7. Bd3 Nf6 8. Nc3
O-O 9. O-O Bd7 10. Qe1 Rc8 11. Kh1 Nb4 12. Qh4 Nxd3 13. cxd3 b5 14. f5 b4 15.
Ne2 Bb5 16. Nf4 Qd7 17. Bd2 a5 18. h3 e5 19. fxe6 fxe6 20. Ng5 Rce8 21. Rac1 Bh8
22. Be3 e5 23. Bb6 Rc8 24. Nfe6 Rxc1 25. Rxc1 Rc8 26. Rxc8+ Qxc8 27. Bd8 Qd7 28.
Bxf6 Bxf6 29. Qh6 Qe7 30. Nxh7 Qf7 31. Nc7 Bxd3 32. Nd5 Bd8 33. Ng5 Bxg5 34.
Qxg5 Kg7 35. Qg4 Bc4 36. Qd1 Bxd5 37. exd5 Qf2 38. Qc1 Qc5 39. Qg5 Qxd5 40. Qe7+
Kg8 41. Qe8+ Kg7 42. Qe7+ Kg8 43. Qe8+ Kg7 44. Qe7+ Kg8 1/2-1/2

[Event "40th World Junior Girls"]
[Site "Gandhinagar IND"]
[Date "2024.06.02"]
[Round "1.15"]
[White "Rejepova, Jahan"]
[Black "Abdinova, Narmin"]
[Result "0-1"]
[WhiteElo "1816"]
[BlackElo "2121"]
[WhiteFideId "14006480"]
[BlackFideId "13425340"]
[EventDate "2024.06.02"]

1. d4 Nf6 2. c4 e6 3. Nf3 Bb4+ 4. Bd2 c5 5. e3 O-O 6. Bd3 Bxd2+ 7. Qxd2 cxd4 8.
exd4 b6 9. O-O Bb7 10. Qe2 Nc6 11. Nc3 d5 12. Rfd1 Nb4 13. cxd5 Nxd3 14. Qxd3
Nxd5 15. Rac1 Qf6 16. Nxd5 Bxd5 17. Ne5 Rac8 18. Rc3 Qg5 19. Qg3 Qxg3 20. hxg3
Rxc3 21. bxc3 Rc8 22. Rc1 f6 23. Nd3 Bxa2 24. Ra1 Rxc3 25. Nb4 Bb3 26. Rxa7 Rc4
27. Ra8+ Kf7 28. Ra7+ Kg6 29. Nd3 Rxd4 30. Nf4+ Kh6 31. Ra3 Bc4 32. Ra1 b5 33.
Rb1 g5 34. Nxe6 Bxe6 35. Rxb5 Rd1+ 36. Kh2 Kg6 37. f4 h6 38. Rb2 Rc1 39. Re2 Bf5
40. Re8 Rc2 41. Re7 Bd3 42. Re1 Bb5 43. Rg1 Bc6 44. Kh3 Bxg2+ 45. Rxg2 g4+ 46.
Kh2 Rxg2+ 47. Kxg2 0-1

[Event "40th World Junior Girls"]
[Site "Gandhinagar IND"]
[Date "2024.06.02"]
[Round "1.16"]
[White "Grozdanovic, Anastasia"]
[Black "Brito Carrascal, Isabela"]
[Result "1-0"]
[WhiteTitle "WFM"]
[WhiteElo "2108"]
[BlackElo "1810"]
[WhiteFideId "979996"]
[BlackFideId "4456122"]
[EventDate "2024.06.02"]

1. d4 Nf6 2. c4 e6 3. Nf3 d5 4. Nc3 Be7 5. Bf4 O-O 6. e3 c5 7. dxc5 Bxc5 8. cxd5
Nxd5 9. Nxd5 Qxd5 10. Qxd5 exd5 11. Bb5 Nc6 12. Bxc6 bxc6 13. a3 Be7 14. Ne5 c5
15. Nc6 Bf6 16. Bd6 Bxb2 17. Bxf8 Bxa1 18. Bxc5 Bd7 19. Ne7+ Kh8 20. O-O Be5 21.
f4 Bf6 22. Nxd5 Bc6 23. Nxf6 gxf6 24. Bd4 Kg7 25. g4 Kg6 26. f5+ Kg5 27. Rf4 Rb8
28. Kf2 Rb1 29. h4+ Kxh4 30. Bxf6+ Kh3 31. g5 Rc1 32. Rh4+ Kxh4 33. g6+ Kg4 34.
g7 Kxf5 35. g8=Q Kxf6 36. Qxh7 Rh1 37. Qd3 Rh2+ 38. Ke1 Rh1+ 39. Kd2 Ke6 40. Qa6
Rh2+ 41. Kd3 Kd5 42. Qc4+ Kd6 43. Qf4+ 1-0

[Event "40th World Junior Girls"]
[Site "Gandhinagar IND"]
[Date "2024.06.02"]
[Round "1.17"]
[White "Fang, Kun"]
[Black "Barwinska, Ewa"]
[Result "0-1"]
[WhiteTitle "WCM"]
[BlackTitle "WFM"]
[WhiteElo "1803"]
[BlackElo "2106"]
[WhiteFideId "5819660"]
[BlackFideId "21833761"]
[EventDate "2024.06.02"]

1. e4 c5 2. Nf3 d6 3. d4 cxd4 4. Nxd4 Nf6 5. Nc3 a6 6. Be2 e5 7. Nb3 Be7 8. Be3
Be6 9. Nd5 Bxd5 10. exd5 Nbd7 11. c4 O-O 12. O-O Rb8 13. a4 Ne8 14. Qd2 f5 15.
f4 Nef6 16. fxe5 Ne4 17. Qc2 dxe5 18. Bd3 Bg5 19. Bxg5 Qxg5 20. Rae1 Ndf6 21.
Rf3 Rbc8 22. Na5 Rf7 23. b4 g6 24. c5 Qh4 25. Re2 Ng5 26. Qc4 Nxf3+ 27. gxf3
Qg5+ 28. Kh1 e4 29. fxe4 fxe4 30. Bxe4 Nxe4 31. Rxe4 Rf2 32. d6+ Kf8 33. Rg4 Qd2 0-1

[Event "40th World Junior Girls"]
[Site "Gandhinagar IND"]
[Date "2024.06.02"]
[Round "1.18"]
[White "Kaldarova, Ayaulym"]
[Black "Anushka Gupta"]
[Result "1-0"]
[WhiteTitle "WFM"]
[WhiteElo "2100"]
[BlackElo "1766"]
[WhiteFideId "13720503"]
[BlackFideId "25660802"]
[EventDate "2024.06.02"]

1. Nf3 Nf6 2. c4 e6 3. g3 d5 4. Bg2 dxc4 5. Qa4+ c6 6. Qxc4 b5 7. Qb3 Bb7 8. O-O
Be7 9. d4 Nbd7 10. Nc3 O-O 11. Rd1 Qb6 12. a4 b4 13. a5 Qc7 14. Bf4 Qc8 15. Na4
Ba6 16. Re1 Nd5 17. Bg5 Bxg5 18. Nxg5 Rb8 19. e4 Nc7 20. Rec1 Qb7 21. e5 Nd5 22.
Qc2 g6 23. Ne4 Bb5 24. Nd6 Qa6 25. Nc5 Nxc5 26. Qxc5 b3 27. h4 f5 28. Nxb5 Qxb5
29. Qxb5 cxb5 30. Bxd5 exd5 31. Rc5 Rfd8 32. Rac1 Rb7 33. R1c3 b4 34. Rxb3 Kf7
35. a6 Rb6 36. Rc7+ Ke6 37. Rxa7 Rc8 38. Rb7 Rxa6 39. R3xb4 Rc4 40. Kg2 h6 41.
Rxc4 dxc4 42. Rb5 g5 43. hxg5 hxg5 44. Kf3 Ra1 45. Rb6+ Ke7 46. Ke2 Rb1 47. Rb4
Ke6 48. Rb6+ Ke7 49. Kd2 Rf1 50. Kc3 Rc1+ 51. Kb4 Rc2 52. Kc5 Rxf2 53. d5 Kf7
54. Rf6+ Kg7 55. d6 Rxb2 56. d7 Rb8 57. Rxf5 c3 58. Rf2 Rb2 59. d8=Q Rxf2 60.
Qxg5+ Kf7 61. e6+ Ke8 62. Qg7 1-0

[Event "40th World Junior Girls"]
[Site "Gandhinagar IND"]
[Date "2024.06.02"]
[Round "1.20"]
[White "Peglau, Charis"]
[Black "Hasini, Kamabathula"]
[Result "1/2-1/2"]
[WhiteTitle "WFM"]
[WhiteElo "2088"]
[BlackElo "1758"]
[WhiteFideId "16219996"]
[BlackFideId "25712837"]
[EventDate "2024.06.02"]

1. d4 d5 2. c4 e6 3. Nc3 Be7 4. Nf3 Nf6 5. e3 O-O 6. b3 c5 7. Bb2 Nc6 8. cxd5
exd5 9. Be2 Bg4 10. dxc5 Bxc5 11. O-O Qd7 12. Na4 Be7 13. Rc1 Ne4 14. Ne5 Nxe5
15. Bxe5 Bxe2 16. Qxe2 Qe6 17. Bd4 b6 18. Rfd1 Rfc8 19. Nc3 Nxc3 20. Bxc3 Ba3
21. Bb2 Bc5 22. Rd3 Rd8 23. Rcd1 Rd7 24. Qd2 Rad8 25. Kh1 Qe4 26. f3 Qe6 27. e4
d4 28. b4 Be7 29. a3 Bf6 30. Qf2 Qc4 31. f4 Be7 32. h3 a5 33. bxa5 bxa5 34. Rxd4
Rxd4 35. Rxd4 Rxd4 36. Bxd4 Bxa3 37. Kh2 Qe6 38. e5 Bb4 39. f5 Qd5 40. Qe3 a4
41. e6 Bd6+ 42. g3 Qa2+ 43. Kg1 Qb1+ 44. Kh2 Qc2+ 45. Kg1 Qb1+ 46. Kh2 Qc2+ 47.
Kg1 1/2-1/2

[Event "40th World Junior Girls"]
[Site "Gandhinagar IND"]
[Date "2024.06.02"]
[Round "1.21"]
[White "Saniya Rafique Tadavi"]
[Black "Mrittika Mallick"]
[Result "1-0"]
[WhiteElo "1754"]
[BlackElo "2076"]
[WhiteFideId "25912461"]
[BlackFideId "25902997"]
[EventDate "2024.06.02"]

1. e4 c5 2. Nf3 d6 3. d4 cxd4 4. Nxd4 Nf6 5. Nc3 a6 6. Be3 e6 7. f3 b5 8. Qd2
Nbd7 9. a4 b4 10. Na2 d5 11. Nxb4 dxe4 12. Be2 Bb7 13. O-O Qc7 14. f4 Bc5 15. c4
Rd8 16. Nbc2 e5 17. fxe5 Nxe5 18. b4 Be7 19. Qe1 Nfg4 20. Bf4 g5 21. Bg3 h5 22.
Bxg4 hxg4 23. Qf2 f6 24. Ne6 Qxc4 25. Nxd8 Kxd8 26. Bxe5 fxe5 27. Qb6+ Kc8 28.
Ne3 Qd4 29. Qe6+ Kb8 30. Kh1 g3 31. h3 Ka8 32. Qxe7 Qxe3 33. Rf8+ Rxf8 34. Qxf8+
Ka7 35. Qc5+ Qxc5 36. bxc5 Kb8 37. Ra3 Kc7 38. Rxg3 Kc6 39. Rxg5 Kd5 40. Kg1 Kd4
41. Kf2 e3+ 42. Ke1 Bd5 43. h4 Bc6 44. a5 Bd5 45. h5 Bc6 46. h6 Be4 47. Rg4 1-0

[Event "40th World Junior Girls"]
[Site "Gandhinagar IND"]
[Date "2024.06.02"]
[Round "1.22"]
[White "Rzali, Sabina"]
[Black "Aswinika Mani R"]
[Result "1/2-1/2"]
[WhiteTitle "WCM"]
[WhiteElo "2073"]
[BlackElo "1751"]
[WhiteFideId "13410920"]
[BlackFideId "25611518"]
[EventDate "2024.06.02"]

1. e4 c5 2. Nc3 Nc6 3. g3 g6 4. Bg2 Bg7 5. d3 d6 6. f4 Nd4 7. Nf3 Bg4 8. h3 Bxf3
9. Bxf3 e6 10. Bg2 Ne7 11. O-O O-O 12. Be3 Nec6 13. Qd2 Rc8 14. Qf2 Nb4 15. Rfc1
d5 16. Nd1 Ndxc2 17. Rxc2 d4 18. Bc1 Nxc2 19. Qxc2 c4 20. Nf2 Qb6 21. dxc4 d3
22. Qxd3 Bd4 23. Qe2 Rfd8 24. Bf1 Qc5 25. Rb1 a5 26. Kg2 b5 27. b3 h5 28. Nd3
Qc6 29. Ne5 Bxe5 30. fxe5 Rd4 31. Kf3 Rcd8 32. cxb5 Qc3+ 33. Kg2 Rd2 34. Bxd2
Rxd2 35. Kf2 Qd4+ 36. Kf3 Rxe2 37. Bxe2 Qc3+ 38. Kf2 Qd4+ 39. Kf3 Qc3+ 40. Kf2
Qc5+ 41. Kf3 Qc3+ 42. Kf2 Qxe5 43. Bd3 Qc5+ 44. Ke2 Kg7 45. a4 f5 46. exf5 gxf5
47. b4 axb4 48. a5 Kf6 49. a6 Ke5 50. Ra1 Qc3 1/2-1/2

[Event "40th World Junior Girls"]
[Site "Gandhinagar IND"]
[Date "2024.06.02"]
[Round "1.23"]
[White "Jain Ashita"]
[Black "Donghvani, Nia"]
[Result "1-0"]
[WhiteElo "1744"]
[BlackElo "2070"]
[WhiteFideId "25181971"]
[BlackFideId "13614649"]
[EventDate "2024.06.02"]

1. d4 d5 2. c4 e6 3. Nf3 Nf6 4. g3 Be7 5. Bg2 O-O 6. O-O a5 7. Qc2 Nc6 8. a3 Ne4
9. Nc3 Nxc3 10. bxc3 a4 11. c5 b6 12. cxb6 cxb6 13. e4 dxe4 14. Qxe4 Bb7 15. Qc2
Ra7 16. Be3 Qa8 17. d5 exd5 18. Bxb6 Ra6 19. Rfb1 Na5 20. Bxa5 Rxa5 21. Nd4 Bf6
22. Qb2 Ba6 23. Qb4 Bd3 24. Rd1 Bc4 25. Rab1 Qa6 26. Re1 Bxd4 27. Qxf8+ Kxf8 28.
Rb8+ 1-0